000 03235cam a22003615i 4500
999 _c27733
_d27704
001 15854458
003 EG-ScBUE
005 20191104151552.0
008 090805s2021 enka f b 001 0 eng d
020 _a9780194422543 (pbk.)
020 _a0194422542 (pbk.)
035 _a(OCoLC)ocn173718620
040 _aUKM
_beng
_erda
_cUKM
_dYDXCP
_dBAKER
_dBTCTA
_dRCS
_dNDD
_dCOO
_dIXA
_dNLGGC
_dCDX
_dPMC
_dTVG
_dDLC
_dEG-ScBUE
082 0 4 _a418.0071
_bLAN
_222
245 0 0 _aLanguage learner strategies :
_bthirty years of research and practice /
_cedited by Andrew D. Cohen and Ernesto Macaro.
264 1 _aOxford ;
_aNew York :
_b Oxford University Press,
_c2021.
300 _aviii, 412 pages :
_billustrations ;
_c24 cm.
336 _atext
_btxt
_2rdacontent
337 _aunmediated
_bn
_2rdamedia
338 _avolume
_bnc
_2rdacarrier
490 0 _aOxford applied linguistics
504 _aIncludes bibliographical references and index.
505 0 _aClaims and critiques / Mike Grenfell and Ernesto Macaro -- Coming to terms with language learner strategies : surveying the experts / Andrew D. Cohen -- Bridging the gap between psychological and sociocultural perspectives on L2 learner strategies / Rebecca L. Oxford and Karen Schramm -- Applying strategies to contexts : the role of individual, situational, and group differences / Osamu Takeuchi, Carol Griffiths, and Do Coyle -- Research methods in strategy research : re-examining the toolbox / Cynthia White, Karen Schramm, and Anna Uhl Chamot -- L2 grammar strategeis : the second Cinderella and beyond / Rebecca L. Oxford and Kyoung Rang Lee with Gloria Park -- Intervening in the use of strategies / Joan Rubin ... [et al.] -- An introduction to systematic reviewing / Ernesto Macaro and Andrew D. Cohen -- A review of listening strategies : focus on sources of knowledge and on success / Ernesto Macaro, Suzanne Graham, and Robert Vanderplank -- A review of reading strategies : focus on the impact of first language / Lynn Erler and Claudia Finkbeiner -- A review of oral communication strategies : focus on interactionist and psycholinguistic perspectives / Yasuo Nakatani and Christine Goh -- A review of writing strategies : focus on conceptualizations and impact of first language / Rosa M. Manch�on, Julio Roca de Larios, and Liz Murphy -- A review of vocabulary learning strategies : focus on language proficiency and learner voice / Martha Nyikos and May Fan.
520 _aResearch into language learner strategies has the fundamental goal of improving the teaching and learning of second languages. This book explores the notion that the reason some learners of second languages excel and others struggle lies in what the learners themselves do-the strategies they bring to language learning and to language use. Name of series: Oxford Applied Linguistics.
650 7 _aSecond language acquisition.
_2BUEsh
650 7 _aLanguage and languages
_xStudy and teaching.
_2BUEsh
653 _bHHUUEENN
_cNovember2019
655 _vReading book
700 1 _aCohen, Andrew D.
_eeditor.
700 1 _aMacaro, Ernesto,
_eeditor.
856 4 2 _3For all your testing needs online
_uhttps://www.oxfordenglishtesting.com/DefaultMR.aspx?id=3034&menuId=1
942 _2ddc
_cBB